Welcome to CU Library Online Public Access Catalogue (OPAC)

Spiritual discipleship : (Record no. 6109)

MARC details
000 -LEADER
fixed length control field 00913cam a2200241 a 4500
001 - CONTROL NUMBER
control field 1619793
005 - DATE AND TIME OF LATEST TRANSACTION
control field 20250531160718.0
008 - FIXED-LENGTH DATA ELEMENTS--GENERAL INFORMATION
fixed length control field 940711r19941990ilu 001 0 eng d
020 ## - INTERNATIONAL STANDARD BOOK NUMBER
International Standard Book Number 0802467989 (pbk.)
050 00 - LIBRARY OF CONGRESS CALL NUMBER
Classification number BV4501.2
Item number .S215 1994
082 00 - DEWEY DECIMAL CLASSIFICATION NUMBER
Classification number 248.4
Edition information 20
100 1# - MAIN ENTRY--PERSONAL NAME
Personal name Sanders, J. Oswald
Fuller form of name (John Oswald),
Dates associated with a name 1902-1992.
245 10 - TITLE STATEMENT
Title Spiritual discipleship :
Remainder of title with study guide /
Statement of responsibility, etc. by J. Oswald Sanders.
260 ## - PUBLICATION, DISTRIBUTION, ETC.
Place of publication, distribution, etc. Chicago :
Name of publisher, distributor, etc. Moody Press,
Date of publication, distribution, etc. c1994.
300 ## - PHYSICAL DESCRIPTION
Extent 175 p. ;
Dimensions 23 cm.
440 #0 - SERIES STATEMENT/ADDED ENTRY--TITLE
Title Commitment to spiritual growth series
500 ## - GENERAL NOTE
General note Originally published: Shoe-leather commitment. Chicago : Moody Press, c1990.
650 #0 - SUBJECT ADDED ENTRY--TOPICAL TERM
Topical term or geographic name entry element Spiritual formation.
650 #0 - SUBJECT ADDED ENTRY--TOPICAL TERM
Topical term or geographic name entry element Christian life.
700 1# - ADDED ENTRY--PERSONAL NAME
Personal name Sanders, J. Oswald
Fuller form of name (John Oswald),
Dates associated with a name 1902-1992.
Title of a work Shoe-leather commitment.
856 42 - ELECTRONIC LOCATION AND ACCESS
Materials specified Publisher description
Uniform Resource Identifier <a href="http://www.loc.gov/catdir/enhancements/fy0609/95104604-d.html">http://www.loc.gov/catdir/enhancements/fy0609/95104604-d.html</a>
942 ## - ADDED ENTRY ELEMENTS (KOHA)
Source of classification or shelving scheme Library of Congress Classification
Koha item type Books
Suppress in OPAC No
999 ## -
-- 6109
-- 6109
Holdings
Withdrawn status Lost status Source of classification or shelving scheme Damaged status Not for loan Collection Home library Current library Shelving location Date acquired Total checkouts Full call number Barcode Date last seen Copy number Price effective from Koha item type
    Library of Congress Classification     Non-fiction Undergraduate Library (Christ Temple) Undergraduate Library (Christ Temple) General stacks 05/31/2025   BV4501.3 SAN ulct00002805 05/31/2025 1 05/31/2025 Books
© 2023-2024 Copyright: Central University Libraries. All Rights Reserved | Created by: Mahone Tech Office